21 Ways Not to Be a 'Bore' Quiz Stats

Quiz Updated Apr 16, 2018

Challenge
Share
Tweet
Embed
Score 0/21 Timer 01:30
4 Plays Today
% Correct
Core
97.1%
More
96.3%
Lore
95.9%
Fore
95.5%
Sore
95.2%
Bare
95%
Tore
94.9%
Gore
94.5%
Wore
92%
Pore
91.9%
Dore
90.9%
% Correct
Yore
86.2%
Kore
80.1%
Bone
75.3%
Bode
75.2%
Bole
72%
Born
69.2%
Byre
69%
Bort
60.7%
Bora
58.7%
Bork
55.7%

You're not logged in!

Compare scores with friends on all Sporcle quizzes.
Sign Up with Email
OR
Log In

You Might Also Like...

Show Comments

Extras

Top Quizzes Today


Score Distribution

Your Account Isn't Verified!

In order to create a playlist on Sporcle, you need to verify the email address you used during registration. Go to your Sporcle Settings to finish the process.

Report this User

Report this user for behavior that violates our Community Guidelines.

Details: